00596nam a2200157 a 450000100100000000500170001000800410002704000250006824500890009325000240018226000500020630000210025670000330027795201110031099900170042100003967120201002033654.0130715s2001 gr 000 0 spa d aDO-SdBNPbspacBNPHU 0aPoesía Hebrea moderna :bantología /cTraducción y compilación Arié Comey. a2a ed. corr. y amp. aJerusalen, Israel :bL. B. Publishing,c2001. a307 p. ;c23 cm.1 aComey, Arié,ecomp.965863 001054708MOaGRbGRcCTd2013-07-15iLF1l0o p39671-10r2020-06-25w2020-06-25y4ZPréstamo en sala c39161d39161